000 00210nam a22000857a 4500
999 _c11014
_d11014
008 180720b ||||| |||| 00| 0 eng d
100 _aDefoe
_96802
245 _aRobinson Crusue
260 _aNew Delhi
_bCampfire
_c2016